LIBRARY & INFORMATION CENTRE, KCAET, TAVANUR

ONLINE PUBLIC ACCESS CATALOGUE (OPAC)

Manufacturing Processes (Record no. 13618)

MARC details
000 -LEADER
fixed length control field 00344nam a22001457a 4500
020 ## - INTERNATIONAL STANDARD BOOK NUMBER
ISBN 9788189866495
082 ## - DEWEY DECIMAL CLASSIFICATION NUMBER
Classification number 670
Item number SHA/MA
100 ## - MAIN ENTRY--AUTHOR NAME
Personal name Sharma S.K
245 ## - TITLE STATEMENT
Title Manufacturing Processes
250 ## - EDITION STATEMENT
Edition statement 1
260 ## - PUBLICATION, DISTRIBUTION, ETC. (IMPRINT)
Place of publication New Delhi
Name of publisher I.K International Publishing House Pvt.Ltd
Year of publication 2007
300 ## - PHYSICAL DESCRIPTION
Number of Pages 706
700 ## - ADDED ENTRY--PERSONAL NAME
Personal name Savitha Sharma
942 ## - ADDED ENTRY ELEMENTS (KOHA)
Koha item type Books
Holdings
Withdrawn status Lost status Damaged status Collection code Home library Current library Shelving location Date acquired Full call number Accession Number Koha item type
      Non-fiction KAUAET KAUAET General Stacks 31/03/2012 670 SHA/MA 22388 Books
free website counter